[Event "Mecklenburg VP-ch U18"]
[Site "Malchow"]
[Date "2018.02.07"]
[Round "3.5"]
[White "Karrasch, Lars"]
[Black "Wolfgramm, Theo"]
[Result "1-0"]
[WhiteElo "1632"]
[BlackElo "1426"]
[PlyCount "93"]
[EventDate "2018.02.07"]
[EventType "tourn"]
[EventRounds "7"]
[EventCountry "GER"]
[SourceTitle "EXT 2022"]
[Source "ChessBase"]
[SourceDate "2021.10.06"]
[SourceVersion "1"]
[SourceVersionDate "2021.10.06"]
[SourceQuality "1"]

1. d4 d5 2. e3 Nf6 3. c4 e6 4. Nc3 c6 5. Nf3 Nbd7 6. Bd2 Bb4 7. Bd3 Qc7 8. a3 Bd6 9. c5 Be7 10. b4 e5 11. dxe5 Nxe5 12. Nxe5 Qxe5 13. 0-0 Ng4 14. f4 Qh5 15. h3 Bh4 16. Be2 f5 17. hxg4 fxg4 18. Be1 0-0 19. g3 Bf6 20. Rf2 Re8 21. Rh2 Qg6 22. Bd3 Bf5 23. Bxf5 Qxf5 24. Qd2 Rad8 25. Bf2 Rd7 26. Rd1 Red8 27. Ne2 g6 28. Nd4 Qe4 29. Qd3 Kg7 30. Qxe4 dxe4 31. Ne6+ Kg8 32. Rxd7 Rxd7 33. Nd4 b6 34. cxb6 axb6 35. Nxc6 Rd1+ 36. Kg2 Ra1 37. Rh1 Rxa3 38. Rb1 h5 39. b5 g5 40. Rd1 gxf4 41. exf4 e3 42. Be1 Ra2+ 43. Kg1 Rb2 44. Nd4 Rd2 45. Bxd2 Bxd4 46. Be1 e2+ 47. Rxd4 1-0

[Event "Mecklenburg VP-ch U18"]
[Site "Malchow"]
[Date "2018.02.07"]
[Round "2.2"]
[White "Schumacher, Ole"]
[Black "Karrasch, Lars"]
[Result "1-0"]
[WhiteElo "1711"]
[BlackElo "1632"]
[PlyCount "65"]
[EventDate "2018.02.07"]
[EventType "tourn"]
[EventRounds "7"]
[EventCountry "GER"]
[SourceTitle "EXT 2022"]
[Source "ChessBase"]
[SourceDate "2021.10.06"]
[SourceVersion "1"]
[SourceVersionDate "2021.10.06"]
[SourceQuality "1"]

1. d4 d5 2. c4 c6 3. Nf3 dxc4 4. Qc2 b5 5. a4 e6 6. axb5 cxb5 7. Bg5 f6 8. Bd2 Bd7 9. Nc3 Bb4 10. e4 Bxc3 11. Bxc3 Ne7 12. b3 cxb3 13. Qxb3 a6 14. Bd3 0-0 15. 0-0 Kh8 16. d5 exd5 17. exd5 Ng6 18. Nd4 Ne5 19. Bxb5 Bxb5 20. Nxb5 Nbd7 21. Nd4 Nc5 22. Qa2 Qd7 23. Rfd1 Rfc8 24. Ne6 Ng6 25. Bb4 Ne4 26. Rac1 Ne5 27. Rxc8+ Qxc8 28. d6 Nd3 29. Qd5 Nxb4 30. Qxe4 Nc6 31. Rc1 Rb8 32. h3 Rb6 33. Nd4 1-0

[Event "Mecklenburg VP U16"]
[Site "Malchow"]
[Date "2016.02.02"]
[Round "6.3"]
[White "Wurst, Maximilian1"]
[Black "Karrasch, Lars"]
[Result "1-0"]
[WhiteElo "1718"]
[BlackElo "1629"]
[PlyCount "59"]
[EventDate "2016.02.02"]
[EventType "swiss"]
[EventRounds "7"]
[EventCountry "GER"]
[SourceTitle "EXT 2024"]
[Source "ChessBase"]
[SourceDate "2023.10.10"]
[SourceVersion "1"]
[SourceVersionDate "2023.10.10"]
[SourceQuality "1"]

1. e4 d5 2. exd5 Qxd5 3. Nc3 Qa5 4. d4 c6 5. Bc4 Nf6 6. Qe2 Bg4 7. f3 Bf5 8. Bb3 e6 9. g4 Bg6 10. h4 h6 11. Bd2 Bb4 12. a3 Nd5 13. Bxd5 cxd5 14. 0-0-0 Bxc3 15. Bxc3 Qa4 16. Nh3 0-0 17. Nf4 Bh7 18. g5 e5 19. Nxd5 Nc6 20. gxh6 exd4 21. Bb4 Nxb4 22. Nxb4 Rac8 23. Rd2 Rfd8 24. Qe5 f6 25. Qe6+ Kh8 26. hxg7+ Kxg7 27. Rg1+ Bg6 28. h5 Qd7 29. Rxg6+ Kh7 30. Qxf6 1-0

[Event "Mecklenburg VP-ch U16"]
[Site "Malchow"]
[Date "2015.02.??"]
[Round "5.3"]
[White "Quang, Luu Vinh"]
[Black "Karrasch, Lars"]
[Result "1/2-1/2"]
[WhiteElo "1560"]
[BlackElo "1667"]
[PlyCount "40"]
[EventDate "2015.02.04"]
[EventType "swiss"]
[EventRounds "7"]
[EventCountry "GER"]
[SourceTitle "EXT 2022"]
[Source "ChessBase"]
[SourceDate "2021.10.06"]
[SourceVersion "1"]
[SourceVersionDate "2021.10.06"]
[SourceQuality "1"]

1. Nf3 d5 2. g3 Bg4 3. Bg2 Nf6 4. c4 e6 5. 0-0 c6 6. d3 Bd6 7. Nc3 0-0 8. b3 Qc7 9. Bb2 Nbd7 10. Rc1 Qa5 11. a3 Rac8 12. b4 Qb6 13. Qd2 dxc4 14. d4 Qa6 15. e4 Be7 16. d5 cxd5 17. exd5 Rfd8 18. Rfe1 Nf8 19. Ne5 Bf5 20. Qe3 Rc7 1/2-1/2

[Event "Mecklenburg VP-ch U16"]
[Site "Malchow"]
[Date "2015.02.??"]
[Round "1.5"]
[White "Rosenstock, Ruben"]
[Black "Karrasch, Lars"]
[Result "0-1"]
[WhiteElo "1263"]
[BlackElo "1667"]
[PlyCount "62"]
[EventDate "2015.02.04"]
[EventType "swiss"]
[EventRounds "7"]
[EventCountry "GER"]
[SourceTitle "EXT 2022"]
[Source "ChessBase"]
[SourceDate "2021.10.06"]
[SourceVersion "1"]
[SourceVersionDate "2021.10.06"]
[SourceQuality "1"]

1. e4 d5 2. exd5 Qxd5 3. Nc3 Qa5 4. d4 c6 5. Nf3 Bg4 6. Be2 Nf6 7. 0-0 e6 8. Bf4 Bb4 9. Bd2 Qc7 10. h3 Bh5 11. Re1 Bd6 12. Ne5 Bxe2 13. Qxe2 Nbd7 14. Bg5 Bxe5 15. dxe5 Nd5 16. Nxd5 cxd5 17. Rac1 Nb6 18. b3 0-0 19. Qg4 Kh8 20. Re3 Rac8 21. h4 h6 22. Bf4 Qe7 23. Rg3 Rg8 24. Rd1 Kh7 25. Bg5 f6 26. Bf4 Nd7 27. Qg6+ Kh8 28. exf6 Nxf6 29. Qd3 Rgf8 30. Rd2 Nh5 31. Bxh6 Nxg3 0-1

[Event "Mecklenburg VP-ch U14"]
[Site "Malchow"]
[Date "2014.02.01"]
[Round "1"]
[White "Engel, Philipp"]
[Black "Karrasch, Lars"]
[Result "0-1"]
[WhiteElo "1197"]
[BlackElo "1368"]
[PlyCount "96"]
[EventDate "2014.02.01"]
[EventType "swiss"]
[EventRounds "7"]
[EventCountry "GER"]
[SourceTitle "EXT 2017"]
[Source "ChessBase"]
[SourceDate "2016.10.25"]
[SourceVersion "1"]
[SourceVersionDate "2016.10.25"]
[SourceQuality "1"]

1. d4 d5 2. Bf4 Bf5 3. e3 e6 4. Nf3 Nf6 5. c4 c6 6. Qb3 Qa5+ 7. Nc3 Qb4 8. h3 h6 9. c5 Qxb3 10. axb3 Nbd7 11. Be2 Be7 12. 0-0 0-0 13. b4 a6 14. Ra3 Rac8 15. Rc1 Rfe8 16. Re1 Bd8 17. Ne5 Bc7 18. Nxd7 Nxd7 19. Bxc7 Rxc7 20. f4 Nf6 21. Bf3 Rd8 22. Na4 Nd7 23. g4 Bg6 24. Rf1 f6 25. f5 exf5 26. gxf5 Bf7 27. Rd3 Rb8 28. e4 dxe4 29. Bxe4 Bc4 30. Re1 Bxd3 31. Bxd3 Nf8 32. Nb6 Nh7 33. d5 cxd5 34. Nxd5 Rd7 35. Bc4 Kf8 36. Nb6 Rd2 37. h4 Rbd8 38. b3 Rd1 39. Kf2 Rxe1 40. Kxe1 Rd4 41. b5 axb5 42. Bxb5 Rxh4 43. Nd7+ Ke7 44. Nb6 Ng5 45. b4 Kd8 46. Nd5 Rd4 47. c6 Rxd5 48. cxb7 Rxb5 0-1

[Event "GER-chT North U14"]
[Site "Magdeburg"]
[Date "2013.09.13"]
[Round "4.2"]
[White "Karrasch, Lars"]
[Black "Neander, Lenard"]
[Result "1-0"]
[WhiteElo "1269"]
[BlackElo "1412"]
[PlyCount "133"]
[EventDate "2013.09.12"]
[EventType "team-swiss"]
[EventRounds "7"]
[EventCountry "GER"]
[SourceTitle "EXT 2014"]
[Source "ChessBase"]
[SourceDate "2013.11.20"]
[SourceVersion "1"]
[SourceVersionDate "2013.11.20"]
[SourceQuality "1"]
[WhiteTeam "Schwerin"]
[BlackTeam "Hamburg Eppendorf"]
[WhiteTeamCountry "GER"]
[BlackTeamCountry "GER"]

1. d4 d5 2. Bf4 Nf6 3. e3 g6 4. Nf3 Bg7 5. c3 0-0 6. Bd3 Nbd7 7. Nbd2 b6 8. h3 Bb7 9. 0-0 c5 10. dxc5 Nxc5 11. Nb3 Nxd3 12. Qxd3 Ne4 13. Rfd1 Qe8 14. Nfd2 Rd8 15. Nxe4 dxe4 16. Qc2 Qb5 17. Rxd8 Rxd8 18. Rd1 Rxd1+ 19. Qxd1 Qd3 20. Qxd3 exd3 21. Nd2 Bd5 22. a3 Kf8 23. f3 e5 24. e4 Bc6 25. Be3 Bf6 26. Kf2 Bh4+ 27. g3 Be7 28. Nc4 f6 29. Ke1 Bb5 30. Nd2 Kf7 31. Nb3 f5 32. Kd2 fxe4 33. fxe4 Bd7 34. h4 Bb5 35. Nc1 Bc5 36. Bxc5 bxc5 37. Nxd3 Ke6 38. Nxc5+ Kd6 39. Nd3 Bc6 40. Ke3 Bb7 41. g4 Bc8 42. g5 Ba6 43. Nf2 Bc8 44. b3 Be6 45. c4 Kc6 46. Kd3 a5 47. b4 axb4 48. axb4 Kb6 49. Kc3 Bd7 50. Nd3 Bc6 51. Nxe5 Bxe4 52. Nd7+ Kc6 53. Nf8 Kb6 54. Nxh7 Kc6 55. Nf6 Bf5 56. Ng8 Kb6 57. Ne7 Be4 58. Nd5+ Kc6 59. Kd4 Bc2 60. b5+ Kb7 61. c5 Ba4 62. Kc4 Kb8 63. Nf6 Kc7 64. h5 gxh5 65. Nxh5 Bc2 66. Nf4 Be4 67. g6 1-0

[Event "Mecklenburg VP-ch U10"]
[Site "Malchow"]
[Date "2010.02.??"]
[Round "6.5"]
[White "Karrasch, Lars"]
[Black "Goeths, Carl"]
[Result "1/2-1/2"]
[WhiteElo "773"]
[BlackElo "771"]
[PlyCount "50"]
[EventDate "2010.02.10"]
[EventType "swiss"]
[EventRounds "7"]
[EventCountry "GER"]
[SourceTitle "EXT 2022"]
[Source "ChessBase"]
[SourceDate "2021.10.06"]
[SourceVersion "1"]
[SourceVersionDate "2021.10.06"]
[SourceQuality "1"]

1. e4 e5 2. Nf3 Nc6 3. c3 Bc5 4. Bc4 h6 5. d3 Bb6 6. Qe2 Nf6 7. Be3 Ba5 8. Nbd2 d6 9. h3 Qe7 10. Nh4 g5 11. Nf5 Bxf5 12. exf5 Bb6 13. Bxb6 axb6 14. 0-0-0 Na5 15. Rhe1 c6 16. Qf3 b5 17. Bb3 Nxb3+ 18. Nxb3 Rxa2 19. d4 e4 20. Qg3 Ra4 21. Kc2 b6 22. Nd2 Ra8 23. Nxe4 Nxe4 24. Qf3 d5 25. f6 Qe6 1/2-1/2